Score 0/20 Timer 03:00
0 Plays Today
Mixed Word Bible Book % Correct
OJBJob
98.1%
KARMMark
96.6%
MAJESJames
94.4%
SNOG FO LOSONOMSong of Solomon
90.7%
SCATActs
89.9%
SMALPSPsalms
89.7%
DOUXESExodus
84.5%
RAZEEzra
83.4%
MEHEJIRAJeremiah
77.6%
JESUGDJudges
72.5%
Mixed Word Bible Book % Correct
SHAAIIIsaiah
72.2%
CHAIMMicah
67%
TSUITTitus
62.3%
BRUMSENNumbers
61.1%
MILEPHONPhilemon
60.9%
NOTIARVEELRevelation
60.1%
WEBSHERHebrews
56.1%
REETHSEsther
54%
DABOIHAObadiah
42.2%
HMUNANahum
38.5%
Remove Ads.
Support Sporcle.
Get the best of Sporcle when you Go Orange. This ad-free experience offers more features, more stats, and more fun while also helping to support Sporcle. Thank you for becoming a member.

You're not logged in!

Compare scores with friends on all Sporcle quizzes.
OR
Log In

Show Comments

Extras

Top Quizzes Today


Score Distribution

Your Account Isn't Verified!

In order to create a playlist on Sporcle, you need to verify the email address you used during registration. Go to your Sporcle Settings to finish the process.

Report this User

Report this user for behavior that violates our Community Guidelines.

Details: